[Event "Deutsche Ländermeisterschaft 2018"]
[Site "Würzburg GER"]
[Date "2018.10.04"]
[Round "3"]
[White "Zell, Hannah"]
[Black "Fuchs, Emily"]
[Result "1/2-1/2"]
[Termination "normal"]
[Board "10.6"]
[WhiteElo "1469"]
[BlackElo "1335"]
[WhiteTeam "Württemberg 2"]
[BlackTeam "Saarland"]
[PlyCount "103"]
[WhiteFideId "16208900"]
[BlackFideId "16208986"]
[EventCountry "GER"]
[EventRounds "7"]
[EventType "team-swiss"]
[EventDate "2018.10.02"]

1.e4 e5 2.Nf3 Nc6 3.Bb5 a6 4.Ba4 Nf6 5.O-O Bc5 6.d3 b5 7.Bb3 O-O 8.c3 d6 9.h3
Bd7 10.Re1 Bb6 11.Nbd2 a5 12.a4 b4 13.Nf1 Re8 14.Ng3 Ne7 15.Ng5 d5 16.exd5 h6
17.d6 hxg5 18.dxe7 Qxe7 19.Bxg5 Qd6 20.Ne4 Nxe4 21.dxe4 bxc3 22.bxc3 Rac8
23.Qf3 Be6 24.Red1 Qc6 25.Bd5 Bxd5 26.exd5 Qg6 27.Be3 e4 28.Qf4 Red8 29.c4 Bxe3
30.Qxe3 c6 31.Qb6 cxd5 32.Qxg6 fxg6 33.cxd5 Kf7 34.Rd4 Rc5 35.Re1 Rcxd5 36.Rxd5
Rxd5 37.Rxe4 Kf6 38.f3 Kf5 39.Kf2 Kg5 40.Ke2 Kf5 41.g3 g5 42.Ke3 Rd1 43.g4+ Kf6
44.f4 Rd5 45.Rc4 Rd6 46.fxg5+ Kxg5 47.Rc5+ Kh4 48.Rxa5 Kxh3 49.Rg5 g6 50.Ke4
Kh4 51.Rd5 Ra6 52.a5   1/2-1/2

[Event "Deutsche Ländermeisterschaft 2018"]
[Site "Würzburg GER"]
[Date "2018.10.04"]
[Round "3"]
[White "Huppert, Anna"]
[Black "Wildermuth, Nikolas Karl"]
[Result "1-0"]
[Termination "normal"]
[Board "10.7"]
[WhiteElo "1498"]
[BlackElo "1539"]
[WhiteTeam "Saarland"]
[BlackTeam "Württemberg 2"]
[PlyCount "73"]
[WhiteFideId "16214439"]
[BlackFideId "16244699"]
[EventCountry "GER"]
[EventRounds "7"]
[EventType "team-swiss"]
[EventDate "2018.10.02"]

1.e4 c5 2.Nc3 Nc6 3.f4 g6 4.Nf3 Bg7 5.Bc4 e6 6.O-O Nge7 7.d3 O-O 8.Qe1 d5
9.exd5 exd5 10.Bb3 Rb8 11.a4 b6 12.f5 Bxf5 13.Bf4 Rc8 14.Qh4 h5 15.Bg5 f6
16.Bd2 Bg4 17.Qg3 Nf5 18.Qf2 Nfd4 19.Nxd4 Nxd4 20.Bxd5+ Kh8 21.Bc4 Nxc2 22.Rab1
Nb4 23.Qg3 Bf5 24.Rfd1 Qc7 25.Bf4 Qd8 26.Nb5 a6 27.Nd6 Qd7 28.Nxc8 Rxc8 29.Rd2
Re8 30.Rbd1 Qd4+ 31.Qf2 Qd7 32.d4 Bg4 33.dxc5 Qb7 34.Re1 Rxe1+ 35.Qxe1 bxc5
36.Qe8+ Kh7 37.Bg8+   1-0

[Event "Deutsche Ländermeisterschaft 2018"]
[Site "Würzburg GER"]
[Date "2018.10.04"]
[Round "3"]
[White "Bako, Evelin"]
[Black "Alhassan, Jodi"]
[Result "1-0"]
[Termination "normal"]
[Board "10.8"]
[WhiteElo "1002"]
[BlackElo "1094"]
[WhiteTeam "Württemberg 2"]
[BlackTeam "Saarland"]
[PlyCount "107"]
[WhiteFideId "16271823"]
[BlackFideId "16250460"]
[EventCountry "GER"]
[EventRounds "7"]
[EventType "team-swiss"]
[EventDate "2018.10.02"]

1.d4 d5 2.Nf3 Nc6 3.e3 Nf6 4.Bd3 Bg4 5.Nbd2 e6 6.Be2 Bd6 7.b3 O-O 8.Bb2 Qe7
9.Ne5 Bxe2 10.Qxe2 Rad8 11.O-O Ba3 12.Nxc6 bxc6 13.Bc3 Bb4 14.Bb2 Ba3 15.Bc1
Ra8 16.Nb1 Bb4 17.c3 Bd6 18.f4 Ne4 19.Rf3 f5 20.Rh3 Rf6 21.Qh5 Rh6 22.Qf3 Rxh3
23.Qxh3 Rf8 24.c4 dxc4 25.bxc4 Bb4 26.a3 Be1 27.Kf1 Bf2 28.Nd2 Nxd2+ 29.Bxd2
Qh4 30.Qf3 Bxe3 31.Bxe3 Qxh2 32.Bg1 Qh4 33.g3 Qh3+ 34.Qg2 Qg4 35.Bh2 Rd8 36.Qf2
Qh3+ 37.Kg1 Rf8 38.Rb1 Rf7 39.Rb8+ Rf8 40.Rb7 Rf7 41.Rxa7 Qg4 42.Qe3 Qd1+
43.Kf2 Qc2+ 44.Qe2 Qxe2+ 45.Kxe2 Rd7 46.Ra8+ Kf7 47.Ra7 Kf6 48.Bg1 g5 49.fxg5+
Kxg5 50.Be3+ Kg4 51.Ra8 Re7 52.Rg8+ Kh3 53.Kf3 h5 54.Rh8   1-0

[Event "Deutsche Ländermeisterschaft 2018"]
[Site "Würzburg GER"]
[Date "2018.10.05"]
[Round "5"]
[White "Knüdel, Torben"]
[Black "Svane, Frederik"]
[Result "1/2-1/2"]
[Termination "normal"]
[Board "1.3"]
[WhiteElo "2135"]
[BlackElo "2287"]
[WhiteClock "00:08:32"]
[BlackClock "00:07:51"]
[WhiteTeam "Niedersachsen"]
[BlackTeam "Schleswig-Holstein"]
[PlyCount "83"]
[WhiteFideId "16208820"]
[BlackFideId "12923044"]
[EventCountry "GER"]
[EventRounds "7"]
[EventType "team-swiss"]
[EventDate "2018.10.02"]

1. e4 {[%clk 1:30:56]} c5 {[%clk 1:30:54]} 2. Nf3 {[%clk 1:31:18]} e6 {[%clk
1:31:18]} 3. d4 {[%clk 1:31:43]} cxd4 {[%clk 1:31:42]} 4. Nxd4 {[%clk 1:32:07]}
a6 {[%clk 1:32:06]} 5. Bd3 {[%clk 1:32:32]} Nf6 {[%clk 1:32:30]} 6. O-O {[%clk
1:32:10]} Qc7 {[%clk 1:32:53]} 7. Qe2 {[%clk 1:32:33]} d6 {[%clk 1:33:18]} 8.
f4 {[%clk 1:32:54]} g6 {[%clk 1:33:35]} 9. f5 {[%clk 1:28:42]} Bg7 {[%clk
1:33:31]} 10. fxe6 {[%clk 1:27:50]} fxe6 {[%clk 1:32:39]} 11. Be3 {[%clk
1:27:20]} O-O {[%clk 1:30:39]} 12. Nc3 {[%clk 1:26:15]} Nc6 {[%clk 1:05:32]}
13. Bc4 {[%clk 1:25:15]} Nxd4 {[%clk 0:50:31]} 14. Bxd4 {[%clk 1:25:32]} Ne8
{[%clk 0:47:08]} 15. Rxf8+ {[%clk 1:20:13]} Kxf8 {[%clk 0:47:11]} 16. Qf2+
{[%clk 1:13:55]} Kg8 {[%clk 0:45:39]} 17. Nd5 {[%clk 1:05:18]} Bxd4 {[%clk
0:45:57]} 18. Qxd4 {[%clk 1:05:42]} Qg7 {[%clk 0:45:57]} 19. Qxg7+ {[%clk
1:05:16]} Kxg7 {[%clk 0:46:22]} 20. Nb6 {[%clk 1:03:56]} Rb8 {[%clk 0:46:47]}
21. Rd1 {[%clk 0:53:04]} Kf6 {[%clk 0:42:07]} 22. Bb3 {[%clk 0:45:36]} Ke7
{[%clk 0:40:50]} 23. Ba4 {[%clk 0:44:01]} Nf6 {[%clk 0:33:24]} 24. Rd4 {[%clk
0:35:11]} Nd7 {[%clk 0:21:42]} 25. Bxd7 {[%clk 0:34:19]} Bxd7 {[%clk 0:21:41]}
26. Kf2 {[%clk 0:17:04]} Bc6 {[%clk 0:17:53]} 27. Ke3 {[%clk 0:17:01]} Rf8
{[%clk 0:15:15]} 28. c4 {[%clk 0:16:48]} e5 {[%clk 0:13:54]} 29. Rd2 {[%clk
0:16:56]} Ke6 {[%clk 0:14:07]} 30. Nd5 {[%clk 0:10:05]} Rf1 {[%clk 0:12:07]}
31. Rf2 {[%clk 0:09:40]} Rxf2 {[%clk 0:10:17]} 32. Kxf2 {[%clk 0:10:09]} b5
{[%clk 0:08:38]} 33. b3 {[%clk 0:08:36]} bxc4 {[%clk 0:09:01]} 34. bxc4 {[%clk
0:09:05]} Bxd5 {[%clk 0:06:16]} 35. cxd5+ {[%clk 0:08:57]} Kd7 {[%clk 0:06:29]}
36. a4 {[%clk 0:08:28]} a5 {[%clk 0:05:54]} 37. Ke3 {[%clk 0:08:18]} Kc7 {[%clk
0:06:18]} 38. Kd3 {[%clk 0:07:57]} Kb6 {[%clk 0:06:44]} 39. Kc4 {[%clk
0:07:33]} Ka6 {[%clk 0:07:09]} 40. Kd3 {[%clk 0:07:54]} Kb7 {[%clk 0:07:36]}
41. Kc3 {[%clk 0:08:14]} Kc7 {[%clk 0:07:51]} 42. Kd3 {[%clk 0:08:32]} 1/2-1/2

[Event "Deutsche Ländermeisterschaft 2018"]
[Site "Würzburg GER"]
[Date "2018.10.05"]
[Round "5"]
[White "Pubantz, Jan"]
[Black "Glinzner, Alva"]
[Result "1-0"]
[Termination "normal"]
[Board "1.5"]
[WhiteElo "2084"]
[BlackElo "1787"]
[WhiteClock "00:08:56"]
[BlackClock "00:02:34"]
[WhiteTeam "Niedersachsen"]
[BlackTeam "Schleswig-Holstein"]
[PlyCount "83"]
[WhiteFideId "12996114"]
[BlackFideId "16206169"]
[EventCountry "GER"]
[EventRounds "7"]
[EventType "team-swiss"]
[EventDate "2018.10.02"]

1. d4 {[%clk 1:30:58]} Nf6 {[%clk 1:30:50]} 2. c4 {[%clk 1:31:24]} e6 {[%clk
1:31:15]} 3. Nf3 {[%clk 1:31:49]} d5 {[%clk 1:31:38]} 4. g3 {[%clk 1:32:15]}
Be7 {[%clk 1:31:58]} 5. Bg2 {[%clk 1:32:41]} O-O {[%clk 1:32:13]} 6. O-O {[%clk
1:33:07]} c6 {[%clk 1:32:33]} 7. Qc2 {[%clk 1:33:24]} Nbd7 {[%clk 1:32:43]} 8.
Nbd2 {[%clk 1:33:44]} b6 {[%clk 1:32:53]} 9. e4 {[%clk 1:34:02]} Bb7 {[%clk
1:33:08]} 10. e5 {[%clk 1:34:04]} Ne8 {[%clk 1:33:19]} 11. cxd5 {[%clk
1:34:25]} cxd5 {[%clk 1:33:37]} 12. Re1 {[%clk 1:33:40]} Rc8 {[%clk 1:33:39]}
13. Qa4 {[%clk 1:32:33]} Bc6 {[%clk 1:33:48]} 14. Qb3 {[%clk 1:30:07]} b5
{[%clk 1:31:48]} 15. Bf1 {[%clk 1:22:59]} b4 {[%clk 1:29:23]} 16. Bd3 {[%clk
1:14:20]} Nb6 {[%clk 1:26:04]} 17. Bb1 {[%clk 1:07:26]} Bb5 {[%clk 1:19:26]}
18. Nf1 {[%clk 1:05:16]} a5 {[%clk 1:12:36]} 19. h4 {[%clk 0:59:24]} h6 {[%clk
1:05:58]} 20. N1h2 {[%clk 0:46:02]} Qc7 {[%clk 0:58:39]} 21. Ng4 {[%clk
0:44:51]} Ba4 {[%clk 0:45:18]} 22. Qe3 {[%clk 0:37:30]} Bc2 {[%clk 0:44:40]}
23. Nxh6+ {[%clk 0:30:44]} gxh6 {[%clk 0:44:14]} 24. Qxh6 {[%clk 0:31:02]} Bxb1
{[%clk 0:43:43]} 25. Rxb1 {[%clk 0:30:41]} Qc2 {[%clk 0:43:19]} 26. Bg5 {[%clk
0:30:10]} Bxg5 {[%clk 0:40:49]} 27. Nxg5 {[%clk 0:29:57]} Ng7 {[%clk 0:34:29]}
28. h5 {[%clk 0:23:22]} Nd7 {[%clk 0:29:31]} 29. g4 {[%clk 0:15:55]} f6 {[%clk
0:27:56]} 30. Rbc1 {[%clk 0:14:56]} Qd3 {[%clk 0:26:21]} 31. Rxc8 {[%clk
0:14:25]} Rxc8 {[%clk 0:25:14]} 32. exf6 {[%clk 0:14:46]} Nxf6 {[%clk 0:23:55]}
33. Qxf6 {[%clk 0:14:54]} Rf8 {[%clk 0:24:07]} 34. Qe5 {[%clk 0:13:12]} Qd2
{[%clk 0:21:10]} 35. Qe3 {[%clk 0:13:33]} Rxf2 {[%clk 0:09:37]} 36. Qxf2 {[%clk
0:13:38]} Qxg5 {[%clk 0:10:04]} 37. Qg2 {[%clk 0:12:58]} Qf4 {[%clk 0:09:38]}
38. Rd1 {[%clk 0:11:43]} Qe3+ {[%clk 0:07:31]} 39. Kh1 {[%clk 0:11:53]} Qf4
{[%clk 0:06:19]} 40. Rf1 {[%clk 0:09:37]} Qg5 {[%clk 0:05:05]} 41. Qf3 {[%clk
0:09:19]} Qe7 {[%clk 0:02:34]} 42. Qf6 {[%clk 0:08:56]} 1-0

[Event "Deutsche Ländermeisterschaft 2018"]
[Site "Würzburg GER"]
[Date "2018.10.05"]
[Round "5"]
[White "Farokhi, Keyvan"]
[Black "Hommer, Jeremy"]
[Result "1/2-1/2"]
[Termination "normal"]
[Board "1.6"]
[WhiteElo "1855"]
[BlackElo "1983"]
[WhiteClock "00:16:42"]
[BlackClock "00:27:09"]
[WhiteTeam "Schleswig-Holstein"]
[BlackTeam "Niedersachsen"]
[PlyCount "102"]
[WhiteFideId "12998630"]
[BlackFideId "12992577"]
[EventCountry "GER"]
[EventRounds "7"]
[EventType "team-swiss"]
[EventDate "2018.10.02"]

1. e4 {[%clk 1:30:52]} c6 {[%clk 1:30:25]} 2. Nc3 {[%clk 1:31:03]} d5 {[%clk
1:30:48]} 3. Nf3 {[%clk 1:31:16]} dxe4 {[%clk 1:31:11]} 4. Nxe4 {[%clk
1:31:36]} Nf6 {[%clk 1:31:34]} 5. Nxf6+ {[%clk 1:31:48]} exf6 {[%clk 1:31:54]}
6. Bc4 {[%clk 1:31:32]} Bd6 {[%clk 1:30:48]} 7. Qe2+ {[%clk 1:31:42]} Qe7
{[%clk 1:29:58]} 8. Qxe7+ {[%clk 1:31:48]} Kxe7 {[%clk 1:27:14]} 9. O-O {[%clk
1:30:35]} Rd8 {[%clk 1:27:36]} 10. Re1+ {[%clk 1:27:45]} Kf8 {[%clk 1:27:47]}
11. d3 {[%clk 1:27:06]} Bg4 {[%clk 1:25:13]} 12. Nd2 {[%clk 1:23:13]} Nd7
{[%clk 1:18:23]} 13. h3 Bf5 {[%clk 1:17:55]} 14. Nf3 {[%clk 1:18:58]} h6 {[%clk
1:13:28]} 15. Bd2 {[%clk 1:10:37]} Bh7 {[%clk 1:09:03]} 16. Re2 {[%clk
1:06:01]} b5 {[%clk 1:06:17]} 17. Bb3 {[%clk 1:05:16]} Nc5 {[%clk 1:05:55]} 18.
Nd4 {[%clk 0:58:04]} Rdc8 {[%clk 1:02:58]} 19. Be3 {[%clk 0:49:48]} Rab8 {[%clk
0:57:10]} 20. a3 {[%clk 0:43:34]} Nxb3 {[%clk 0:56:49]} 21. Nxb3 {[%clk
0:41:41]} c5 {[%clk 0:56:08]} 22. d4 {[%clk 0:38:40]} cxd4 {[%clk 0:53:20]} 23.
Nxd4 {[%clk 0:38:23]} a5 {[%clk 0:53:12]} 24. c3 {[%clk 0:27:55]} b4 {[%clk
0:40:04]} 25. cxb4 {[%clk 0:24:44]} axb4 {[%clk 0:39:29]} 26. a4 {[%clk
0:24:19]} b3 {[%clk 0:34:47]} 27. Nb5 {[%clk 0:20:18]} Bb4 {[%clk 0:32:23]} 28.
Bd2 {[%clk 0:20:37]} Bxd2 {[%clk 0:31:04]} 29. Rxd2 {[%clk 0:21:05]} Rc2 {[%clk
0:28:58]} 30. Rad1 {[%clk 0:21:01]} Re8 {[%clk 0:26:54]} 31. Nd4 {[%clk
0:16:56]} Rc4 {[%clk 0:18:49]} 32. Nxb3 {[%clk 0:12:25]} Bc2 {[%clk 0:17:06]}
33. Na5 {[%clk 0:12:44]} Bxd1 {[%clk 0:16:57]} 34. Nxc4 {[%clk 0:13:07]} Bxa4
{[%clk 0:17:20]} 35. f3 {[%clk 0:08:18]} Bb3 {[%clk 0:15:05]} 36. Na5 {[%clk
0:06:54]} Rb8 {[%clk 0:11:47]} 37. Nc6 {[%clk 0:05:47]} Rc8 {[%clk 0:11:51]}
38. Nd4 {[%clk 0:05:49]} Rb8 {[%clk 0:11:03]} 39. Kf2 {[%clk 0:05:47]} g6
{[%clk 0:08:56]} 40. Ke3 {[%clk 0:03:32]} Ba4 {[%clk 0:09:01]} 41. Kd3 {[%clk
0:00:59]} Ke7 {[%clk 0:05:30]} 42. b3 {[%clk 0:28:49]} Bd7 {[%clk 0:34:38]} 43.
Rb2 {[%clk 0:28:17]} Kd6 {[%clk 0:34:43]} 44. b4 {[%clk 0:27:25]} f5 {[%clk
0:34:16]} 45. f4 {[%clk 0:20:39]} Bb5+ {[%clk 0:29:39]} 46. Nxb5+ {[%clk
0:19:09]} Rxb5 {[%clk 0:30:02]} 47. Kc4 {[%clk 0:19:25]} Rb6 {[%clk 0:27:28]}
48. b5 {[%clk 0:19:03]} Kc7 {[%clk 0:26:53]} 49. Kc5 {[%clk 0:18:44]} Re6
{[%clk 0:26:53]} 50. b6+ {[%clk 0:17:03]} Kb7 {[%clk 0:27:02]} 51. Rd2 {[%clk
0:16:42]} Rc6+ {[%clk 0:27:09]} 1/2-1/2

[Event "Deutsche Ländermeisterschaft 2018"]
[Site "Würzburg GER"]
[Date "2018.10.05"]
[Round "5"]
[White "Böhm, Jana"]
[Black "Mundt, Alexandra"]
[Result "1/2-1/2"]
[Termination "normal"]
[Board "1.7"]
[WhiteElo "2001"]
[BlackElo "1679"]
[WhiteClock "00:17:22"]
[BlackClock "00:16:45"]
[WhiteTeam "Niedersachsen"]
[BlackTeam "Schleswig-Holstein"]
[PlyCount "66"]
[WhiteFideId "24661589"]
[BlackFideId "16217276"]
[EventCountry "GER"]
[EventRounds "7"]
[EventType "team-swiss"]
[EventDate "2018.10.02"]

1. e4 {[%clk 1:30:59]} e5 {[%clk 1:30:54]} 2. Nf3 {[%clk 1:31:25]} Nf6 {[%clk
1:31:19]} 3. Nxe5 {[%clk 1:31:49]} d6 {[%clk 1:31:45]} 4. Nf3 {[%clk 1:32:13]}
Nxe4 {[%clk 1:32:10]} 5. Nc3 {[%clk 1:32:37]} Nf6 {[%clk 1:32:08]} 6. d4 {[%clk
1:32:28]} Be7 {[%clk 1:32:19]} 7. Bd3 {[%clk 1:28:32]} O-O {[%clk 1:32:03]} 8.
h3 {[%clk 1:27:02]} Re8 {[%clk 1:31:04]} 9. Be3 {[%clk 1:24:06]} Nbd7 {[%clk
1:27:22]} 10. Qd2 {[%clk 1:22:49]} Nb6 {[%clk 1:22:21]} 11. O-O {[%clk
1:14:51]} Be6 {[%clk 1:17:18]} 12. b3 {[%clk 1:11:11]} Qd7 {[%clk 1:12:42]} 13.
Ne4 {[%clk 1:07:39]} Rad8 {[%clk 1:03:45]} 14. c4 {[%clk 1:04:06]} Nxe4 {[%clk
0:57:35]} 15. Bxe4 {[%clk 1:03:13]} d5 {[%clk 0:56:34]} 16. Ne5 {[%clk
1:02:21]} Qc8 {[%clk 0:56:50]} 17. Bd3 {[%clk 0:57:21]} f6 {[%clk 0:55:24]} 18.
cxd5 {[%clk 0:55:09]} fxe5 {[%clk 0:42:39]} 19. dxe6 {[%clk 0:55:29]} exd4
{[%clk 0:42:43]} 20. Bf4 {[%clk 0:53:28]} Nd5 {[%clk 0:38:19]} 21. Be5 {[%clk
0:52:42]} c5 {[%clk 0:32:39]} 22. Qc2 {[%clk 0:48:20]} Qxe6 {[%clk 0:22:15]}
23. Bxh7+ {[%clk 0:48:22]} Kh8 {[%clk 0:22:18]} 24. Rfe1 {[%clk 0:46:38]} Bf6
{[%clk 0:18:59]} 25. Bf5 {[%clk 0:40:41]} Qe7 {[%clk 0:16:52]} 26. Qd1 {[%clk
0:34:10]} Bxe5 {[%clk 0:15:04]} 27. Qh5+ {[%clk 0:34:34]} Kg8 {[%clk 0:15:21]}
28. Qh7+ {[%clk 0:23:08]} Kf8 {[%clk 0:15:20]} 29. Qh8+ {[%clk 0:22:08]} Kf7
{[%clk 0:15:37]} 30. Qh5+ {[%clk 0:22:35]} Kg8 {[%clk 0:15:39]} 31. Qh7+ {[%clk
0:17:02]} Kf8 {[%clk 0:15:56]} 32. Qh8+ {[%clk 0:17:00]} Kf7 {[%clk 0:16:21]}
33. Qh5+ {[%clk 0:17:22]} Kg8 {[%clk 0:16:45]} 1/2-1/2

[Event "Deutsche Ländermeisterschaft 2018"]
[Site "Würzburg GER"]
[Date "2018.10.05"]
[Round "5"]
[White "Neukirchner, Pascal"]
[Black "Urban, Konstantin"]
[Result "0-1"]
[Termination "normal"]
[Board "2.2"]
[WhiteTitle "FM"]
[WhiteElo "2294"]
[BlackElo "2279"]
[WhiteClock "00:38:55"]
[BlackClock "00:15:22"]
[WhiteTeam "Hessen"]
[BlackTeam "Sachsen 1"]
[PlyCount "68"]
[WhiteFideId "12997927"]
[BlackFideId "12927511"]
[EventCountry "GER"]
[EventRounds "7"]
[EventType "team-swiss"]
[EventDate "2018.10.02"]

1. d4 {[%clk 1:30:59]} Nf6 {[%clk 1:30:42]} 2. c4 {[%clk 1:31:17]} g6 {[%clk
1:31:07]} 3. f3 {[%clk 1:31:38]} Bg7 {[%clk 1:31:29]} 4. e4 {[%clk 1:32:04]} d6
{[%clk 1:31:53]} 5. Nc3 {[%clk 1:32:30]} O-O {[%clk 1:32:17]} 6. Bg5 {[%clk
1:32:56]} c5 {[%clk 1:31:48]} 7. d5 {[%clk 1:33:22]} a6 {[%clk 1:31:38]} 8. Qd2
{[%clk 1:33:46]} e6 {[%clk 1:30:43]} 9. a4 {[%clk 1:34:12]} exd5 {[%clk
1:30:42]} 10. cxd5 {[%clk 1:34:38]} Re8 {[%clk 1:24:35]} 11. Nge2 {[%clk
1:35:02]} Nbd7 {[%clk 1:23:11]} 12. Ng3 {[%clk 1:35:26]} Qa5 {[%clk 1:22:08]}
13. Be2 {[%clk 1:35:39]} b5 {[%clk 1:10:25]} 14. O-O {[%clk 1:36:01]} b4 {[%clk
1:06:52]} 15. Nd1 {[%clk 1:36:26]} Qc7 {[%clk 1:06:27]} 16. a5 {[%clk 1:36:48]}
h5 {[%clk 1:06:02]} 17. Ne3 {[%clk 1:34:45]} Nh7 {[%clk 1:04:59]} 18. Bh4
{[%clk 1:34:47]} Ne5 {[%clk 0:52:22]} 19. f4 {[%clk 1:32:17]} Ng4 {[%clk
0:52:15]} 20. Nxg4 {[%clk 1:31:48]} Bxg4 {[%clk 0:47:31]} 21. Bxg4 {[%clk
1:29:51]} hxg4 {[%clk 0:47:55]} 22. f5 {[%clk 1:29:23]} c4 {[%clk 0:39:34]} 23.
f6 {[%clk 1:24:57]} Bf8 {[%clk 0:35:44]} 24. Bg5 {[%clk 1:05:47]} c3 {[%clk
0:33:01]} 25. bxc3 {[%clk 1:05:43]} bxc3 {[%clk 0:30:26]} 26. Qf4 {[%clk
1:05:30]} Re5 {[%clk 0:30:09]} 27. Bh6 {[%clk 0:57:47]} g5 {[%clk 0:24:51]} 28.
Qxg4 {[%clk 0:58:04]} Bxh6 {[%clk 0:25:15]} 29. Nf5 {[%clk 0:57:59]} Bf8 {[%clk
0:21:26]} 30. h4 {[%clk 0:52:14]} Qc4 {[%clk 0:18:44]} 31. hxg5 {[%clk
0:42:58]} Rxe4 {[%clk 0:15:44]} 32. Qh5 {[%clk 0:40:12]} Rg4 {[%clk 0:15:52]}
33. Ne3 {[%clk 0:40:22]} Rh4 {[%clk 0:15:22]} 34. g6 {[%clk 0:38:55]} Qxf1+ 0-1

[Event "Deutsche Ländermeisterschaft 2018"]
[Site "Würzburg GER"]
[Date "2018.10.05"]
[Round "5"]
[White "Wong, Gengchun"]
[Black "Krastev, Alexander"]
[Result "0-1"]
[Termination "normal"]
[Board "2.3"]
[WhiteElo "2194"]
[BlackElo "2298"]
[WhiteClock "00:33:52"]
[BlackClock "01:03:29"]
[WhiteTeam "Sachsen 1"]
[BlackTeam "Hessen"]
[PlyCount "56"]
[WhiteFideId "12963283"]
[BlackFideId "12989983"]
[EventCountry "GER"]
[EventRounds "7"]
[EventType "team-swiss"]
[EventDate "2018.10.02"]

1. Nf3 {[%clk 1:30:52]} c5 {[%clk 1:30:55]} 2. e4 {[%clk 1:31:19]} g6 {[%clk
1:31:13]} 3. d4 {[%clk 1:31:45]} cxd4 {[%clk 1:31:39]} 4. Nxd4 {[%clk 1:32:10]}
Bg7 {[%clk 1:32:04]} 5. Nc3 {[%clk 1:32:37]} Nc6 {[%clk 1:32:30]} 6. Be3 {[%clk
1:33:02]} Nf6 {[%clk 1:32:55]} 7. Bc4 {[%clk 1:33:28]} O-O {[%clk 1:33:18]} 8.
Bb3 {[%clk 1:33:52]} Re8 {[%clk 1:33:22]} 9. O-O {[%clk 1:33:45]} d6 {[%clk
1:33:19]} 10. h3 {[%clk 1:34:11]} Na5 {[%clk 1:32:04]} 11. Re1 {[%clk 1:33:06]}
Nxb3 {[%clk 1:31:18]} 12. axb3 {[%clk 1:33:22]} b6 {[%clk 1:30:43]} 13. f4
{[%clk 1:18:10]} Bb7 {[%clk 1:28:40]} 14. Qd3 {[%clk 1:17:16]} a6 {[%clk
1:26:13]} 15. Nf3 {[%clk 1:13:36]} b5 {[%clk 1:22:36]} 16. Ra2 {[%clk 1:07:30]}
Rc8 {[%clk 1:14:36]} 17. Nd5 {[%clk 1:02:12]} Nxd5 {[%clk 1:14:31]} 18. exd5
{[%clk 1:02:36]} Qd7 {[%clk 1:14:29]} 19. c3 {[%clk 0:55:19]} e6 {[%clk
1:09:44]} 20. dxe6 {[%clk 0:53:52]} Rxe6 {[%clk 1:09:47]} 21. Ng5 {[%clk
0:50:47]} Re7 {[%clk 1:09:11]} 22. Bf2 {[%clk 0:47:59]} Rxe1+ {[%clk 1:07:59]}
23. Bxe1 {[%clk 0:48:24]} h6 {[%clk 1:07:48]} 24. Nf3 {[%clk 0:47:31]} Qe6
{[%clk 1:07:57]} 25. Qd1 {[%clk 0:42:52]} Qe3+ {[%clk 1:06:45]} 26. Kh2 {[%clk
0:42:24]} Re8 {[%clk 1:04:25]} 27. Bg3 {[%clk 0:37:23]} Qe2 {[%clk 1:03:48]}
28. Qxe2 {[%clk 0:33:52]} Rxe2 {[%clk 1:03:29]} 0-1

[Event "Deutsche Ländermeisterschaft 2018"]
[Site "Würzburg GER"]
[Date "2018.10.05"]
[Round "5"]
[White "Bluhm, Sonja Maria"]
[Black "Nguyen, Alex Dac-Vuong"]
[Result "0-1"]
[Termination "normal"]
[Board "2.4"]
[WhiteTitle "WFM"]
[WhiteElo "2281"]
[BlackElo "2240"]
[WhiteClock "00:23:26"]
[BlackClock "00:45:23"]
[WhiteTeam "Hessen"]
[BlackTeam "Sachsen 1"]
[PlyCount "94"]
[WhiteFideId "24654027"]
[BlackFideId "12984388"]
[EventCountry "GER"]
[EventRounds "7"]
[EventType "team-swiss"]
[EventDate "2018.10.02"]

1. e4 {[%clk 1:30:58]} e6 {[%clk 1:30:54]} 2. d3 {[%clk 1:31:24]} d5 {[%clk
1:31:16]} 3. Nd2 {[%clk 1:31:49]} Nf6 {[%clk 1:31:40]} 4. g3 {[%clk 1:32:09]}
dxe4 {[%clk 1:31:35]} 5. dxe4 {[%clk 1:32:32]} b6 {[%clk 1:31:04]} 6. Bg2
{[%clk 1:30:46]} Bb7 {[%clk 1:31:28]} 7. Ne2 {[%clk 1:27:04]} Bc5 {[%clk
1:29:05]} 8. h3 {[%clk 1:23:50]} O-O {[%clk 1:26:50]} 9. O-O {[%clk 1:23:35]}
e5 {[%clk 1:25:34]} 10. b3 {[%clk 1:08:46]} Qe7 {[%clk 1:20:21]} 11. Bb2 {[%clk
1:06:38]} Rd8 {[%clk 1:15:40]} 12. Qc1 {[%clk 1:06:40]} a5 {[%clk 1:15:23]} 13.
a3 {[%clk 1:03:55]} Ba6 {[%clk 1:10:01]} 14. c4 {[%clk 0:48:28]} Nc6 {[%clk
1:09:28]} 15. Nc3 {[%clk 0:44:13]} Nd4 {[%clk 1:08:26]} 16. Re1 {[%clk
0:44:09]} c6 {[%clk 1:07:12]} 17. Na4 {[%clk 0:42:46]} Ne8 {[%clk 1:01:59]} 18.
Nxc5 {[%clk 0:40:04]} bxc5 {[%clk 0:57:50]} 19. Bc3 {[%clk 0:38:23]} Bb7 {[%clk
0:57:27]} 20. Rb1 {[%clk 0:38:22]} Nc7 {[%clk 0:54:32]} 21. Nf1 {[%clk
0:35:58]} Nce6 {[%clk 0:53:22]} 22. Ne3 {[%clk 0:35:42]} g6 {[%clk 0:49:12]}
23. Ng4 {[%clk 0:32:31]} f6 {[%clk 0:48:36]} 24. h4 {[%clk 0:30:25]} h5 {[%clk
0:44:41]} 25. Nh2 {[%clk 0:28:06]} Kg7 {[%clk 0:44:35]} 26. Rb2 {[%clk
0:28:04]} a4 {[%clk 0:36:27]} 27. b4 {[%clk 0:21:37]} Nb3 {[%clk 0:36:41]} 28.
Qe3 {[%clk 0:21:56]} Ned4 {[%clk 0:33:14]} 29. Bf1 {[%clk 0:19:39]} Ba6 {[%clk
0:32:04]} 30. bxc5 {[%clk 0:16:52]} Qe6 {[%clk 0:30:48]} 31. Bxd4 {[%clk
0:15:59]} exd4 {[%clk 0:30:06]} 32. Qf4 {[%clk 0:15:10]} Ra7 {[%clk 0:28:39]}
33. e5 {[%clk 0:14:56]} f5 {[%clk 0:28:58]} 34. Nf3 {[%clk 0:13:08]} d3 {[%clk
0:28:59]} 35. Rd1 {[%clk 0:07:11]} Rad7 {[%clk 0:26:51]} 36. Ng5 {[%clk
0:05:59]} Qxc4 {[%clk 0:27:12]} 37. Qf3 {[%clk 0:05:18]} Bb5 {[%clk 0:23:31]}
38. Qe3 {[%clk 0:05:00]} Re7 {[%clk 0:22:49]} 39. Nh3 {[%clk 0:03:21]} Qxc5
{[%clk 0:22:14]} 40. Qg5 {[%clk 0:02:47]} Qxe5 {[%clk 0:21:47]} 41. Nf4 {[%clk
0:01:40]} Rd6 {[%clk 0:21:59]} 42. Nxh5+ {[%clk 0:22:55]} Kf7 {[%clk 0:52:14]}
43. Nf4 {[%clk 0:22:53]} Qxb2 {[%clk 0:47:15]} 44. h5 {[%clk 0:23:19]} Qf6
{[%clk 0:47:10]} 45. hxg6+ {[%clk 0:23:27]} Kf8 {[%clk 0:47:24]} 46. Qh6+
{[%clk 0:23:06]} Qg7 {[%clk 0:47:47]} 47. Qg5 {[%clk 0:23:26]} Nd4 {[%clk
0:45:23]} 0-1